Institutional fund managers : five views from the top (Record no. 20887)

MARC details
000 -LEADER
fixed length control field 01032cab a2200217 4500
001 - CONTROL NUMBER
control field ABS41593
008 - FIXED-LENGTH DATA ELEMENTS--GENERAL INFORMATION
fixed length control field 090401t1989 xxu||||| |||| 00| 0 eng d
035 ## - SYSTEM CONTROL NUMBER
System control number (Sirsi) u31078
041 ## - LANGUAGE CODE
Language code of text/sound track or separate title eng
245 ## - TITLE STATEMENT
Title Institutional fund managers : five views from the top
260 ## - PUBLICATION, DISTRIBUTION, ETC.
Date of publication, distribution, etc. 1989
350 ## - PRICE (NR) (BK AM CF MU VM SE) [OBSOLETE]
Price 0
490 ## - SERIES STATEMENT
Series statement Comment (Smith Melzack)
Volume/sequential designation (7) September 1989 6 pages
520 ## - SUMMARY, ETC.
Summary, etc. Review of how five fund managers see the property market . Brian Wootton of Hill Samuel Property Services analyses the growth in property unit trusts ; Martin Olley of Norwich Union examines the importance of planning for the single market and of investing in Europe ; Andrew Winshell of Scottish Widows turns to the provincial office market; Fred Reeder of PosTel suggests concentrating on the market now not in three years time and David Doubble of Friends Provident looks at managed funds .
650 ## - SUBJECT ADDED ENTRY--TOPICAL TERM
Topical term or geographic name entry element INSTITUTIONS
650 ## - SUBJECT ADDED ENTRY--TOPICAL TERM
Topical term or geographic name entry element INVESTMENT
650 ## - SUBJECT ADDED ENTRY--TOPICAL TERM
Topical term or geographic name entry element PINCS
690 ## - LOCAL SUBJECT ADDED ENTRY--TOPICAL TERM (OCLC, RLIN)
Topical term or geographic name as entry element PROPERTY LAW AND PRACTICE
942 ## - ADDED ENTRY ELEMENTS (KOHA)
Suppress in OPAC 0
948 ## - LOCAL PROCESSING INFORMATION (OCLC); SERIES PART DESIGNATOR (RLIN)
c (OCLC) 04/03/1997
Holdings
Withdrawn status Lost status Source of classification or shelving scheme Damaged status Not for loan Home library Current library Shelving location Date acquired Total Checkouts Full call number Barcode Date last seen Copy number Price effective from Koha item type
    Dewey Decimal Classification     London London Journal article 14/09/1999   ABS41593 31078-1001 06/08/2019 1 06/08/2019 Journal article